| 000 | 00366nam a2200145Ia 4500 | ||
|---|---|---|---|
| 005 | 20251222175934.0 | ||
| 008 | 251222s9999||||xx |||||||||||||| ||spa|| | ||
| 020 | _a9786123154028 | ||
| 082 | _a658.403.3/Z32 | ||
| 100 | _aZans Arimana, Walter | ||
| 245 | 0 | _aMatemática Financiera y Actuarial | |
| 250 | _a3a. ed. | ||
| 264 | _bEditorial San Marcos | ||
| 942 | _cLIB | ||
| 999 |
_c41140 _d41140 |
||